00356nam a2200145Ia 4500008004100000020001800041041000800059082001600067100001300083245003400096260002800130300000900158650002500167700001800192220803s9999 xx 000 0 und d a81-85026-65-3 aeng a729 CUR/GEO aGeorge M aDarghas :Abodes Of The Saints aMumbaibMarg Pub.c2004 a152p aArchitectural Design aCurrim Mumtaz